000 00241nam a2200109Ia 4500
005 20251222144703.0
008 251222s9999||||xx |||||||||||||| ||spa||
082 _a577.27/P48
245 0 _aMadre Tierra:
264 _bPETROPERÚ
942 _cLIB
999 _c17520
_d17520